| 000 | 00361nam a2200121Ia 4500 | ||
|---|---|---|---|
| 008 | 220216s9999 xx 000 0 und d | ||
| 100 | _aRoy S K Singha | ||
| 245 | 0 | _aSpeciality polyblend system of carboxylated nitrile rubber and polyacrylic rubber | |
| 260 |
_bJournal of Elastomers and Plastics _c1995 |
||
| 300 | _a239-252 | ||
| 700 | _aDas C K | ||
| 942 | _cJS | ||
| 999 |
_c69127 _d69127 |
||